Turbulence (Record no. 5373)

000 -LEADER
fixed length control field 00511nam a2200205 i 4500
001 - CONTROL NUMBER
control field 5373
003 - CONTROL NUMBER IDENTIFIER
control field BD-DhUET
008 - FIXED-LENGTH DATA ELEMENTS--GENERAL INFORMATION
fixed length control field 750220s1975 nyua b 001 0 eng
020 ## - INTERNATIONAL STANDARD BOOK NUMBER
International Standard Book Number 0070290377
040 ## - CATALOGING SOURCE
Original cataloging agency DLC
Transcribing agency DLC
Modifying agency BD-DhUET
082 00 - DEWEY DECIMAL CLASSIFICATION NUMBER
Classification number 532.56
Item number HIN/1975
100 1# - MAIN ENTRY--PERSONAL NAME
Personal name Hinze, J. O.
245 00 - TITLE STATEMENT
Title Turbulence
250 ## - EDITION STATEMENT
Edition statement 2nd ed.
260 ## - PUBLICATION, DISTRIBUTION, ETC. (IMPRINT)
Place of publication, distribution, etc. New York
Name of publisher, distributor, etc. McGraw-Hill
Date of publication, distribution, etc. 1975
300 ## - PHYSICAL DESCRIPTION
Extent x,790p.
Other physical details ill.
Dimensions 24 cm.
490 0# - SERIES STATEMENT
Series statement McGraw-Hill series in mechanical engineering
650 #0 - SUBJECT ADDED ENTRY--TOPICAL TERM
Topical term or geographic name as entry element Turbulence
942 ## - ADDED ENTRY ELEMENTS (KOHA)
Koha item type General Book
Holdings
Koha full call number Koha issues (times borrowed) Koha date last borrowed Shelving location Location (home branch) Source of classification or shelving scheme Not for loan Date acquired Koha normalized classification for sorting Copy number Price effective from Koha date last seen Withdrawn status Lost status Damaged status Koha item type Piece designation (barcode) Sublocation or collection (holding branch)
532.56/HIN/1975  Circulation sectionCentral Library, BUET  2014-11-26532_560000000000000_HIN_197512014-11-262014-11-26   General Book63813Central Library, BUET
532.56/HIN/1975  Circulation sectionCentral Library, BUET  2014-11-26532_560000000000000_HIN_197522014-11-262014-11-26   General Book63816Central Library, BUET
532.56/HIN/1975  Circulation sectionCentral Library, BUET  2014-12-07532_560000000000000_HIN_197532014-12-072014-12-07   General Book44334Central Library, BUET
532.56/HIN/1975  Circulation sectionCentral Library, BUET  2014-12-07532_560000000000000_HIN_197542014-12-072014-12-07   General Book63807Central Library, BUET
532.56/HIN/197512015-03-25Circulation sectionCentral Library, BUET  2014-12-07532_560000000000000_HIN_197552014-12-072015-03-29   General Book63812Central Library, BUET
532.56/HIN/1975  Circulation sectionCentral Library, BUET  2014-12-07532_560000000000000_HIN_197562014-12-072014-12-07   General Book63805Central Library, BUET
532.56/HIN/1975  Circulation sectionCentral Library, BUET  2014-12-07532_560000000000000_HIN_197572014-12-072014-12-07   General Book63810Central Library, BUET
532.56/HIN/1975  Circulation sectionCentral Library, BUET  2014-12-07532_560000000000000_HIN_197582014-12-072014-12-07   General Book63808Central Library, BUET
532.56/HIN/1975  Circulation sectionCentral Library, BUET  2014-12-07532_560000000000000_HIN_197592014-12-072014-12-07   General Book63809Central Library, BUET
532.56/HIN/197512022-11-14Circulation sectionCentral Library, BUET  2014-12-07532_560000000000000_HIN_1975102014-12-072023-02-28   General Book63806Central Library, BUET
532.56/HIN/197512015-05-26Circulation sectionCentral Library, BUET  2014-12-07532_560000000000000_HIN_1975112014-12-072015-09-14   General Book63815Central Library, BUET
532.56/HIN/1975  Circulation sectionCentral Library, BUET  2015-03-09532_560000000000000_HIN_1975122015-03-092015-03-09   General Book39158Central Library, BUET
532.56/HIN/1975  Reading sectionCentral Library, BUET  2015-06-07532_560000000000000_HIN_1975132015-06-072015-06-07   Reading Item58968Central Library, BUET
532.56/HIN/1975  Reading sectionCentral Library, BUET  2015-06-07532_560000000000000_HIN_1975142015-06-072015-06-07   Reading Item60653Central Library, BUET
532.56/HIN/1975  Reading sectionCentral Library, BUET  2015-06-23532_560000000000000_HIN_1975152015-06-232015-06-23   Reading Item52729Central Library, BUET
532.56 HIN/197512024-11-27Circulation sectionCentral Library, BUET  1985-06-29532_560000000000000_HIN_1975162024-11-162024-11-27   General Book63811Central Library, BUET
532.56 HIN/1975   Central Library, BUET  2024-11-16532_560000000000000_HIN_1975 2024-11-162024-11-16   General Book Central Library, BUET
532.56 HIN/1975  Circulation sectionCentral Library, BUET  2025-09-03532_560000000000000_HIN_1975182024-11-162024-11-16   General Book39159Central Library, BUET